000 00774nam a22002411 4500
001 33492
003 BD-RjUL
005 20211209052022.0
008 140508s1961 njua b 001 0 eng d
035 _a(BD-RjUL)33583
040 _aDLC
_cDLC
_dDLC
_dBD-RjUL
_beng
041 _aeng
082 0 0 _a301.15
_bSHS 1961
100 1 _aShibutani, Tamotsu,
_d1920-
_9101646
245 1 0 _aSociety and personality :
_ban interactionist approach to social psychology /
_cTamotsu Shibutani
260 _aEnglewood Cliffs, N.J. :
_bPrentice-Hall,
_cc1961 [printing 1964].
300 _a630 p. :
_bill. ;
_c22 cm.
504 _aIncludes bibliography. and Index
650 0 _aSocial psychology.
_9101647
650 0 _aSocial interaction.
_97419
942 _2ddc
_cBK
999 _c33492
_d33492